Central Library OPAC University of Rajshahi

Topographical maps and photographic interpretation / (Record no. 52715)

MARC details
000 -LEADER
fixed length control field 00634nam a2200229 a 4500
001 - CONTROL NUMBER
control field 52715
003 - CONTROL NUMBER IDENTIFIER
rucl marc code BD-RJUL
005 - DATE AND TIME OF LATEST TRANSACTION
control field 20211209075841.0
008 - FIXED-LENGTH DATA ELEMENTS--GENERAL INFORMATION
fixed length control field 160926s1955 enk 000 0 eng
035 ## - SYSTEM CONTROL NUMBER
System control number BD-RJUL 52835
040 ## - CATALOGING SOURCE
Original cataloging agency DLC
Transcribing agency EIB
Modifying agency UKM
-- EQO
Language of cataloging eng
041 ## - LANGUAGE CODE
Language code of text/sound track or separate title eng
082 04 - DEWEY DECIMAL CLASSIFICATION NUMBER
Classification number 526.8
Edition number 18
Author mark and year SIT 1955
100 1# - MAIN ENTRY--PERSONAL NAME
Personal name Silley, P. T.
9 (RLIN) 157654
245 10 - TITLE STATEMENT
Title Topographical maps and photographic interpretation /
Statement of responsibility, etc. P. T. Silley
260 ## - PUBLICATION, DISTRIBUTION, ETC. (IMPRINT)
Place of publication, distribution, etc. London :
Name of publisher, distributor, etc. G. Philip,
Date of publication, distribution, etc. 1955.
300 ## - PHYSICAL DESCRIPTION
Pagination vii, 59 p. :
Illustrations ill. ;
Size 25 cm.
504 ## - BIBLIOGRAPHY, ETC. NOTE
Bibliography, etc Bibliography : p. 57.
650 #0 - SUBJECT ADDED ENTRY--TOPICAL TERM
Topical term or geographic name as entry element Maps.
9 (RLIN) 157655
942 ## - ADDED ENTRY ELEMENTS (KOHA)
Source of classification or shelving scheme Dewey Decimal Classification
Koha item type Books
Holdings
Lost status Source of classification or shelving scheme Damaged status Not for loan Collection code Permanent Location Current Location Shelving location Date acquired Source of acquisition Cost, normal purchase price Total Checkouts Full call number Date last seen Copy number Koha item type
  Dewey Decimal Classification     Non-fiction Central Library, University of Rajshahi Central Library, University of Rajshahi   15/01/1958 B.H. Blackwell 10.60   526.8 SIT 1955 26/09/2016 C-2 Books